[Event "ch-Asian Individual w"]
[Site "Mashhad IRI"]
[Date "2011.05.02"]
[Round "1.1"]
[White "Harika, Dronavalli"]
[Black "Swathi, Ghate"]
[Result "1-0"]
[WhiteTitle "IM"]
[BlackTitle "WGM"]
[WhiteElo "2524"]
[BlackElo "2307"]
[WhiteFideId "5015197"]
[BlackFideId "5003474"]
[EventDate "2011.05.02"]

1. c4 e6 2. g3 d5 3. Nf3 Nf6 4. Bg2 Nbd7 5. O-O dxc4 6. Qa4 a6 7. Qxc4 b5 8. Qc2
Bb7 9. d3 c5 10. a4 Be7 11. Nc3 Qb6 12. e4 O-O 13. b3 Rfc8 14. Rb1 Nb8 15. Be3
Ng4 16. Bf4 Nf6 17. Be3 Ng4 18. Bf4 Nf6 19. Qe2 Nc6 20. e5 Nd7 21. Ne4 Nd4 22.
Nxd4 cxd4 23. h4 Rc7 24. Qg4 Kh8 25. Qh5 Kg8 26. Qg4 Kh8 27. h5 h6 28. Nd6 Bxd6
29. exd6 Rcc8 30. Rbc1 Bxg2 31. Kxg2 Qb7+ 32. Kg1 e5 33. Bd2 Rc6 34. Rxc6 Qxc6
35. Rc1 Qxd6 36. Qf3 Rf8 37. Rc6 Qa3 38. Qd5 1-0

[Event "ch-Asian Individual w"]
[Site "Mashhad IRI"]
[Date "2011.05.02"]
[Round "1.3"]
[White "Tan, Zhongyi"]
[Black "Nguyen, Thi Mai Hung"]
[Result "1/2-1/2"]
[WhiteTitle "WGM"]
[BlackTitle "WIM"]
[WhiteElo "2428"]
[BlackElo "2320"]
[WhiteFideId "8603642"]
[BlackFideId "12401676"]
[EventDate "2011.05.02"]

1. d4 d5 2. c4 c6 3. Nf3 Nf6 4. Nc3 e6 5. Bg5 h6 6. Bh4 Nbd7 7. e3 Be7 8. Qc2
O-O 9. a3 b6 10. Bd3 Bb7 11. cxd5 cxd5 12. O-O Rc8 13. Nd2 Qc7 14. Rac1 Bd6 15.
Bg3 a6 16. Qd1 Bxg3 17. hxg3 Qd6 18. Qe2 b5 19. b4 Rc7 20. Nb3 Ne4 21. Nc5 f5
22. Qa2 Rf6 23. g4 Kh7 24. gxf5 exf5 25. Nxb7 Rxb7 26. Nxd5 Rf8 27. Rc2 Nb6 28.
Nxb6 Rxb6 29. Bxe4 fxe4 30. Rc5 Qe7 31. Qd5 Rg6 32. Rfc1 Qg5 33. g3 h5 34. Rc8
Qh4 35. Kg2 Rxc8 36. Rxc8 Qg4 37. Qg8+ Kh6 38. Qh8+ Kg5 39. Qd8+ Kh6 40. Qc7
Qf3+ 41. Kg1 Kh7 42. Qb8 Rf6 43. Rh8+ Kg6 44. Qe8+ Kg5 45. Rh7 g6 46. Qe5+ 1/2-1/2

[Event "ch-Asian Individual w"]
[Site "Mashhad IRI"]
[Date "2011.05.02"]
[Round "1.5"]
[White "Pourkashiyan, Atousa"]
[Black "Hejazipour, Mitra"]
[Result "0-1"]
[WhiteTitle "WGM"]
[BlackTitle "WIM"]
[WhiteElo "2371"]
[BlackElo "2240"]
[WhiteFideId "12502014"]
[BlackFideId "12505951"]
[EventDate "2011.05.02"]

1. e4 c5 2. Nf3 e6 3. Nc3 a6 4. g3 Nc6 5. Bg2 Qc7 6. O-O d6 7. d4 cxd4 8. Nxd4
Bd7 9. a4 Be7 10. Nb3 Nf6 11. a5 Ne5 12. h3 O-O 13. f4 Nc4 14. Qe2 Rac8 15. Re1
d5 16. exd5 Bb4 17. dxe6 Bxe6 18. Kh2 Nxb2 19. Bxb2 Bxc3 20. Bxc3 Qxc3 21. Bxb7
Rc7 22. Bxa6 Qb2 23. Bd3 Rd8 24. Nd2 Rc5 25. Nf3 g6 26. Reb1 Qc3 27. Qe1 Rxd3
28. cxd3 Qxd3 29. Rb2 Qxf3 30. a6 Rh5 31. f5 Ng4+ 32. Kg1 Rxh3 33. Rg2 Bd5 34.
Qd2 Rxg3 35. Ra2 Rxg2+ 36. Qxg2 Qe3+ 0-1

[Event "ch-Asian Individual w"]
[Site "Mashhad IRI"]
[Date "2011.05.02"]
[Round "1.6"]
[White "Nakhbayeva, Guliskhan"]
[Black "Soumya, Swaminathan"]
[Result "1-0"]
[WhiteTitle "WIM"]
[BlackTitle "WGM"]
[WhiteElo "2207"]
[BlackElo "2368"]
[WhiteFideId "13704788"]
[BlackFideId "5016193"]
[EventDate "2011.05.02"]

1. d4 Nf6 2. c4 c5 3. d5 e6 4. Nc3 exd5 5. cxd5 d6 6. Nf3 g6 7. Bf4 a6 8. a4 Bg7
9. h3 O-O 10. e3 Ne8 11. Be2 Nd7 12. O-O Ne5 13. Nd2 f5 14. Bh2 Qe7 15. Re1 g5
16. f4 Ng6 17. Bd3 Rb8 18. Nc4 b5 19. axb5 axb5 20. Na5 Bd7 21. Nc6 Bxc6 22.
dxc6 gxf4 23. exf4 Qf7 24. Nxb5 c4 25. c7 Rc8 26. Be2 d5 27. Bf3 Nxc7 28. Nd6
Qd7 29. Nxc4 Qb5 30. Ne5 Nh4 31. Bh5 Qxb2 32. Re2 Qb6+ 33. Kh1 Qd6 34. Qd3 Ng6
35. Rae1 Rb8 36. Rc2 Rb6 37. Bxg6 hxg6 38. Bg1 Qb4 39. Qg3 Bxe5 40. Bxb6 Bxf4
41. Qxg6+ Kh8 42. Rd1 1-0

[Event "ch-Asian Individual w"]
[Site "Mashhad IRI"]
[Date "2011.05.02"]
[Round "1.8"]
[White "Hakimifard, Ghazal"]
[Black "Muminova, Nafisa"]
[Result "1/2-1/2"]
[WhiteTitle "WFM"]
[BlackTitle "WIM"]
[WhiteElo "2215"]
[BlackElo "2357"]
[WhiteFideId "12506540"]
[BlackFideId "14201526"]
[EventDate "2011.05.02"]

1. e4 e6 2. d4 d5 3. Nd2 c5 4. exd5 Qxd5 5. Ngf3 cxd4 6. Bc4 Qd6 7. O-O Nf6 8.
Nb3 Nc6 9. Nbxd4 Nxd4 10. Nxd4 a6 11. Re1 Bd7 12. Bg5 O-O-O 13. Re3 Bc6 14. Rd3
Be4 15. Nb5 Qe7 16. Na7+ Kc7 17. Bf4+ e5 18. Rxd8 Qxd8 19. Qxd8+ Kxd8 20. Rd1+
Nd7 21. Be3 Kc7 22. a4 Bc5 23. Rxd7+ Kxd7 24. Bxc5 Bxc2 25. a5 f6 26. b4 e4 27.
Bd5 Kc7 28. f3 Kb8 29. fxe4 Rd8 30. b5 Bd3 31. bxa6 Bxa6 32. Bb6 Rd7 33. Kf2 f5
34. Ke3 g5 35. g3 h6 36. Kd4 Bf1 37. Kc5 fxe4 38. Bxe4 Rd1 39. Bf5 h5 40. h4
gxh4 41. gxh4 Bg2 42. Be6 Bf1 43. Bb3 Rd3 44. Bf7 Rf3 45. Bd5 Rf5 46. Kd6 Rf4
47. Be6 Rxh4 48. Nc8 Rh2 49. Bc7+ Ka8 50. Bd5 Rd2 51. Ke5 Rc2 52. Kd6 Rd2 53.
Ke5 Rc2 1/2-1/2

[Event "ch-Asian Individual w"]
[Site "Mashhad IRI"]
[Date "2011.05.02"]
[Round "1.9"]
[White "Karavade, Eesha"]
[Black "Hamrakulova, Yulduz"]
[Result "1-0"]
[WhiteTitle "IM"]
[BlackTitle "WIM"]
[WhiteElo "2330"]
[BlackElo "2210"]
[WhiteFideId "5012600"]
[BlackFideId "14201151"]
[EventDate "2011.05.02"]

1. d4 Nf6 2. c4 e6 3. Nc3 Bb4 4. f3 d5 5. a3 Bxc3+ 6. bxc3 c5 7. cxd5 Nxd5 8.
dxc5 f5 9. Nh3 O-O 10. c4 Nf6 11. Qxd8 Rxd8 12. Nf2 Na6 13. Nd3 Nd7 14. Be3 e5
15. Rd1 Re8 16. g3 e4 17. fxe4 fxe4 18. Nf4 Ndxc5 19. Nd5 Na4 20. Bg2 Bg4 21.
Rf1 Bh5 22. Bh3 Red8 23. Bxa7 Kh8 24. Bd4 N4c5 25. Rb1 Rf8 26. Rxf8+ Rxf8 27.
Rb5 1-0

[Event "ch-Asian Individual w"]
[Site "Mashhad IRI"]
[Date "2011.05.02"]
[Round "1.10"]
[White "Khademalsharieh, Sarasadat"]
[Black "Padmini, Rout"]
[Result "1/2-1/2"]
[WhiteTitle "WFM"]
[BlackTitle "WGM"]
[WhiteElo "2137"]
[BlackElo "2342"]
[WhiteFideId "12512214"]
[BlackFideId "5029295"]
[EventDate "2011.05.02"]

1. d4 Nf6 2. Nf3 g6 3. c4 Bg7 4. g3 d5 5. cxd5 Nxd5 6. Bg2 Nb6 7. Nc3 Nc6 8. e3
O-O 9. O-O Re8 10. d5 Na5 11. Nd4 Bd7 12. b3 c5 13. dxc6 Nxc6 14. Nxc6 Bxc6 15.
Bxc6 bxc6 16. Bb2 Qc8 17. Qe2 Qe6 18. Nd1 c5 19. Bxg7 Kxg7 20. Nb2 h5 21. Rac1
Rac8 22. h4 Rc7 23. Rc2 Rec8 24. Rfc1 Qf6 25. e4 Nd7 26. Nd3 Rc6 27. Qe3 e6 28.
Kg2 Qe7 29. Rc4 Qd6 30. Qd2 Kg8 31. Qc3 a5 32. Ra4 R6c7 33. Nb2 Qc6 34. f3 Nb6
35. Rxa5 Qb7 36. Nc4 Nxc4 37. Qxc4 Qb6 38. Ra6 Qb7 39. Rd1 Rd7 40. Rad6 Rxd6 41.
Rxd6 Qa7 42. Rd2 Qa5 43. Rc2 Qe1 44. Qe2 Qa5 45. Qf2 Qa3 46. Rc4 Ra8 47. Rxc5
Qxa2 48. Rc8+ Kh7 49. Rxa8 Qxa8 50. b4 Qa4 51. Qd2 Qb5 52. Kf2 Qb6+ 53. Ke2 Kg8
54. Qc3 Qg1 55. Qe1 Qd4 56. Qd2 Qc4+ 57. Ke3 Qb3+ 1/2-1/2

[Event "ch-Asian Individual w"]
[Site "Mashhad IRI"]
[Date "2011.05.02"]
[Round "1.11"]
[White "Pham, Le Thao Nguyen"]
[Black "Nodirjanova, Nodira"]
[Result "1-0"]
[WhiteTitle "WIM"]
[WhiteElo "2349"]
[BlackElo "2171"]
[WhiteFideId "12401226"]
[BlackFideId "14201232"]
[EventDate "2011.05.02"]

1. d4 d5 2. Bf4 Nf6 3. e3 c5 4. c3 Nc6 5. Nd2 cxd4 6. exd4 Bf5 7. Qb3 Qc7 8.
Ngf3 e6 9. Be2 Be7 10. h3 Ne4 11. Nf1 Bd6 12. Bxd6 Nxd6 13. Ng3 Bg6 14. Ne5 a6
15. Nxg6 hxg6 16. Bd3 Qd8 17. Qc2 Qf6 18. O-O Rh4 19. Rfe1 Rc8 20. Qe2 Nf5 21.
Rad1 Nce7 22. Bc2 Nd6 23. Nf1 g5 24. Nh2 Nc6 25. Rd3 Re4 26. Re3 Rxe3 27. fxe3
Qh6 28. e4 dxe4 29. Bxe4 Nxe4 30. Qxe4 Rd8 31. d5 Ne7 32. dxe6 Qxe6 33. Qxe6
fxe6 34. Rxe6 Rd1+ 35. Kf2 Kf7 36. Re1 Rd5 37. Nf3 Ng6 38. Nd4 Nf4 39. Re3 g6
40. Rf3 Rd6 41. h4 Rf6 42. hxg5 Nd3+ 43. Ke3 Rxf3+ 44. Nxf3 Nxb2 45. Ne5+ Ke6
46. Nxg6 1-0

[Event "ch-Asian Individual w"]
[Site "Mashhad IRI"]
[Date "2011.05.02"]
[Round "1.12"]
[White "Asgarizadeh, Minoo"]
[Black "Gomes, Mary Ann"]
[Result "1/2-1/2"]
[BlackTitle "WGM"]
[WhiteElo "2029"]
[BlackElo "2334"]
[WhiteFideId "12512230"]
[BlackFideId "5013623"]
[EventDate "2011.05.02"]

1. e4 c5 2. Nf3 d6 3. d4 cxd4 4. Nxd4 Nf6 5. Nc3 a6 6. Be3 e5 7. Nf3 Be7 8. Bc4
O-O 9. O-O Be6 10. Bb3 Nc6 11. Qe2 Na5 12. Rfd1 Qc8 13. Bg5 Nxb3 14. axb3 Qc6
15. Bxf6 Bxf6 16. Nd5 Bxd5 17. Rxd5 Be7 18. Qc4 Qxc4 19. bxc4 Rac8 20. b3 f5 21.
exf5 Rxf5 22. Nd2 Rf4 23. f3 Rd4 24. Rxd4 exd4 25. Ra5 Rc5 26. Rxc5 dxc5 27. f4
Kf7 28. Kf2 Ke6 29. Kf3 g5 30. fxg5 Bxg5 31. Ne4 Be7 32. Kf4 b5 33. cxb5 axb5
34. g4 c4 35. bxc4 bxc4 36. g5 c3 37. h4 d3 38. Nxc3 dxc2 39. Ne2 Kf7 40. h5 Kg7
41. Kf5 Ba3 42. Kg4 c1=Q 43. Nxc1 Bxc1 44. Kf5 Bb2 45. Kg4 Kf8 46. Kf4 Ke7 47.
Kf5 Bc1 1/2-1/2

[Event "ch-Asian Individual w"]
[Site "Mashhad IRI"]
[Date "2011.05.02"]
[Round "1.13"]
[White "Nguyen, Thi Thanh An"]
[Black "Alavi, Homa"]
[Result "1-0"]
[WhiteTitle "WGM"]
[WhiteElo "2349"]
[BlackElo "2008"]
[WhiteFideId "12400300"]
[BlackFideId "12507547"]
[EventDate "2011.05.02"]

1. Nf3 Nf6 2. c4 e6 3. e3 d5 4. d4 Nbd7 5. Nc3 a6 6. Be2 dxc4 7. Bxc4 b5 8. Bb3
Bb7 9. O-O c5 10. e4 cxd4 11. Nxd4 Qb6 12. Bc2 Ne5 13. Nf3 Rd8 14. Qe2 Nxf3+ 15.
Qxf3 Bc5 16. Qg3 Bd4 17. e5 Nh5 18. Qg4 g6 19. Bg5 Rc8 20. Rad1 Bxe5 21. Rfe1
Bg7 22. Qb4 Bf8 23. Qh4 Bc5 24. Be4 O-O 25. Bxb7 Qxb7 26. Ne4 Rfe8 27. g4 Bxf2+
28. Qxf2 Rc4 29. Rd4 Rxd4 30. Qxd4 e5 31. Qf2 1-0

[Event "ch-Asian Individual w"]
[Site "Mashhad IRI"]
[Date "2011.05.02"]
[Round "1.14"]
[White "Vardkar, Mariam"]
[Black "Hoang, Thi Bao Tram"]
[Result "0-1"]
[BlackTitle "WGM"]
[WhiteElo "1886"]
[BlackElo "2311"]
[WhiteFideId "12508322"]
[BlackFideId "12401102"]
[EventDate "2011.05.02"]

1. e4 c6 2. c4 d5 3. exd5 cxd5 4. cxd5 Qxd5 5. Nc3 Qd8 6. d4 Nf6 7. Bc4 e6 8.
Nf3 Be7 9. O-O O-O 10. Ne5 Nbd7 11. Kh1 a6 12. Bb3 Nxe5 13. dxe5 Nd7 14. f4 b5
15. Rf3 Nc5 16. Qxd8 Rxd8 17. Bc2 Bb7 18. Rf1 Nd3 19. f5 exf5 20. Rxf5 Ne1 21.
Be4 Bxe4 22. Nxe4 Nc2 0-1

[Event "ch-Asian Individual w"]
[Site "Mashhad IRI"]
[Date "2011.05.03"]
[Round "2.1"]
[White "Pham, Le Thao Nguyen"]
[Black "Harika, Dronavalli"]
[Result "1/2-1/2"]
[WhiteTitle "WIM"]
[BlackTitle "IM"]
[WhiteElo "2349"]
[BlackElo "2524"]
[WhiteFideId "12401226"]
[BlackFideId "5015197"]
[EventDate "2011.05.02"]

1. d4 Nf6 2. Nf3 g6 3. Nbd2 Bg7 4. e4 d6 5. Bd3 O-O 6. O-O Nc6 7. c3 e5 8. h3
Qe7 9. Re1 Nh5 10. Nb3 Nd8 11. Bf1 Nf4 12. Bxf4 exf4 13. Nc1 h5 14. Nd3 Bh6 15.
Nd2 Ne6 16. d5 Ng7 17. c4 Bd7 18. e5 Bf5 19. Nf3 Rfe8 20. Qb3 Rab8 21. Qc3 Qf8
22. Qa5 c6 23. Qxa7 cxd5 24. cxd5 Bxd3 25. Bxd3 dxe5 26. Rxe5 Qb4 27. Rae1 Red8
28. Qd4 Qxd4 29. Nxd4 Ne8 30. Nb5 Bg7 31. R5e2 Nf6 32. d6 Ne8 33. Bc4 Nxd6 34.
Nxd6 Rxd6 35. Re7 Rf6 36. Rd1 b5 37. Bb3 Rf5 38. Rd5 Rxd5 39. Bxd5 Rd8 40. Bb3
Rf8 41. Rb7 Bxb2 42. Rxb5 Ba3 43. Ra5 Be7 44. Ra7 Re8 45. Rb7 Kf8 1/2-1/2

[Event "ch-Asian Individual w"]
[Site "Mashhad IRI"]
[Date "2011.05.03"]
[Round "2.2"]
[White "Munguntuul, Batkhuyag"]
[Black "Nguyen, Thi Thanh An"]
[Result "1-0"]
[WhiteTitle "IM"]
[BlackTitle "WGM"]
[WhiteElo "2434"]
[BlackElo "2349"]
[WhiteFideId "4900758"]
[BlackFideId "12400300"]
[EventDate "2011.05.02"]

1. e4 c5 2. Nf3 Nc6 3. d4 cxd4 4. Nxd4 Nf6 5. Nc3 d6 6. Bg5 e6 7. Qd2 Be7 8.
O-O-O Nxd4 9. Qxd4 O-O 10. f4 Qa5 11. Bc4 Bd7 12. e5 dxe5 13. fxe5 Bc6 14. Bd2
Nd7 15. Nd5 Qc5 16. Nxe7+ Qxe7 17. Rhe1 Qc5 18. Qf4 Rac8 19. Bd3 a5 20. Qh4 g6
21. Bh6 Rfe8 22. Rd2 Qe7 23. Bg5 Qb4 24. g4 Bd5 25. Re3 Nc5 26. Bf6 Qf4 27. Qh3
Bxa2 28. Kd1 Bd5 29. Rf2 Bg2 30. Rxf4 Bxh3 31. Rxh3 Nd7 32. Bb5 Rc7 33. Rd4 1-0

[Event "ch-Asian Individual w"]
[Site "Mashhad IRI"]
[Date "2011.05.03"]
[Round "2.3"]
[White "Hoang, Thi Bao Tram"]
[Black "Sukandar, Irine Kharisma"]
[Result "0-1"]
[WhiteTitle "WGM"]
[BlackTitle "WGM"]
[WhiteElo "2311"]
[BlackElo "2354"]
[WhiteFideId "12401102"]
[BlackFideId "7101937"]
[EventDate "2011.05.02"]

1. d4 Nf6 2. Nf3 e6 3. Bg5 Be7 4. Nbd2 d5 5. e3 O-O 6. Bd3 b6 7. Ne5 c5 8. c3
Nfd7 9. h4 Nxe5 10. dxe5 Ba6 11. Bxa6 Nxa6 12. Qa4 Nb8 13. Qg4 Kh8 14. Nf3 Nc6
15. Rd1 Qc7 16. Bf4 b5 17. Ng5 Kg8 18. Qh5 h6 19. Nf3 Rfd8 20. Rh3 Bf8 21. Bxh6
gxh6 22. Rg3+ Kh8 23. Qg4 Ne7 24. h5 Rab8 25. Ng5 hxg5 26. Qxg5 Kh7 27. Rf3 Nf5
28. g4 Bh6 29. Qf6 Bg7 30. Qg5 Bh6 31. Qf6 Rg8 32. Rxf5 exf5 33. Qxf5+ Kh8 34.
f4 Rbd8 35. g5 Qd7 0-1

[Event "ch-Asian Individual w"]
[Site "Mashhad IRI"]
[Date "2011.05.03"]
[Round "2.4"]
[White "Hejazipour, Mitra"]
[Black "Karavade, Eesha"]
[Result "1/2-1/2"]
[WhiteTitle "WIM"]
[BlackTitle "IM"]
[WhiteElo "2240"]
[BlackElo "2330"]
[WhiteFideId "12505951"]
[BlackFideId "5012600"]
[EventDate "2011.05.02"]

1. d4 Nf6 2. Nf3 e6 3. c4 b6 4. g3 Bb4+ 5. Bd2 c5 6. Bg2 Bb7 7. Bxb4 cxb4 8. O-O
O-O 9. Nbd2 d6 10. a3 bxa3 11. Rxa3 a5 12. Qb1 Na6 13. e4 e5 14. Ne1 Re8 15. Nc2
exd4 16. Nxd4 Nc5 17. Re1 g6 18. h3 Re7 19. Rae3 Qd7 20. b3 Rae8 21. Nb5 Bc6 22.
Nd4 Bb7 23. Nb5 Bc6 24. Nd4 Bb7 25. Nb5 Bc6 26. Bf1 1/2-1/2

[Event "ch-Asian Individual w"]
[Site "Mashhad IRI"]
[Date "2011.05.03"]
[Round "2.5"]
[White "Huang, Qian"]
[Black "Nakhbayeva, Guliskhan"]
[Result "1-0"]
[WhiteTitle "WGM"]
[BlackTitle "WIM"]
[WhiteElo "2394"]
[BlackElo "2207"]
[WhiteFideId "8602689"]
[BlackFideId "13704788"]
[EventDate "2011.05.02"]

1. d4 d5 2. c4 c6 3. Nf3 Nf6 4. e3 Bf5 5. Nc3 e6 6. Qb3 Qc7 7. Nh4 Be4 8. f3 Bg6
9. Bd2 Be7 10. O-O-O dxc4 11. Bxc4 b5 12. Be2 a6 13. Nxg6 hxg6 14. Kb1 c5 15.
Ne4 c4 16. Nxf6+ Bxf6 17. Qc2 Nd7 18. f4 O-O 19. h4 Rfc8 20. g4 Qd6 21. g5 Be7
22. h5 gxh5 23. Bxh5 Nf8 24. Bf3 Rab8 25. Bc3 f6 26. Qh2 b4 27. Qh8+ Kf7 28.
Bh5+ g6 29. Bxg6+ Kxg6 30. Qh5+ Kg7 31. gxf6+ Kxf6 32. e4 Qd8 1-0

[Event "ch-Asian Individual w"]
[Site "Mashhad IRI"]
[Date "2011.05.03"]
[Round "2.6"]
[White "Gomes, Mary Ann"]
[Black "Tan, Zhongyi"]
[Result "1/2-1/2"]
[WhiteTitle "WGM"]
[BlackTitle "WGM"]
[WhiteElo "2334"]
[BlackElo "2428"]
[WhiteFideId "5013623"]
[BlackFideId "8603642"]
[EventDate "2011.05.02"]

1. Nf3 c5 2. c4 Nc6 3. Nc3 g6 4. g3 Bg7 5. Bg2 d6 6. O-O e6 7. e3 Nge7 8. d4 O-O
9. d5 exd5 10. cxd5 Ne5 11. Nxe5 Bxe5 12. e4 b6 13. Be3 Ba6 14. Re1 Bg7 15. f4
f6 16. Bf2 Qd7 17. Qd2 Rae8 18. Rad1 Kh8 19. b4 cxb4 20. Ne2 Bxe2 21. Rxe2 a5
22. Bxb6 Qb5 23. Bd4 Nxd5 24. Bf1 Nc7 25. e5 dxe5 26. Rxe5 Qa4 27. Rc5 Ne6 28.
Bb5 Qa3 29. Bxe8 Nxc5 30. Bxg6 hxg6 31. Bxc5 Rc8 32. Bd4 Qf3 33. Re1 Rd8 34. Qb2
Kh7 35. Bxf6 Rd1 36. Rxd1 Qxd1+ 37. Kf2 Bxf6 38. Qxf6 Qd2+ 39. Kf3 Qd3+ 40. Kf2
Qd2+ 41. Kf3 Qxa2 42. Qe7+ Kg8 43. Qe8+ Kg7 44. Qe5+ Kf7 45. Qc7+ Ke6 46. Qc6+
Ke7 47. Qc7+ Ke8 48. Qc8+ Kf7 49. Qc7+ Kf8 50. Qb8+ Kf7 51. Qc7+ Kg8 52. Qd8+
Kg7 53. Qd4+ Kh7 54. Qd7+ Kg8 1/2-1/2

[Event "ch-Asian Individual w"]
[Site "Mashhad IRI"]
[Date "2011.05.03"]
[Round "2.7"]
[White "Muminova, Nafisa"]
[Black "Ghader Pour, Shayesteh"]
[Result "1-0"]
[WhiteTitle "WIM"]
[BlackTitle "WIM"]
[WhiteElo "2357"]
[BlackElo "2241"]
[WhiteFideId "14201526"]
[BlackFideId "12500747"]
[EventDate "2011.05.02"]

1. e4 c5 2. Nf3 e6 3. d4 cxd4 4. Nxd4 a6 5. Bd3 Bc5 6. Nb3 Ba7 7. Qe2 d6 8. Nc3
Ne7 9. Be3 e5 10. O-O-O Be6 11. f4 Bxe3+ 12. Qxe3 exf4 13. Qxf4 Nbc6 14. Be2 Ne5
15. Nd4 N7g6 16. Qd2 Qd7 17. Nxe6 Qxe6 18. Qxd6 Qxd6 19. Rxd6 Rc8 20. g3 Ne7 21.
Rhd1 O-O 22. Rb6 Rc7 23. Nd5 Rd7 24. Bf1 Nc8 25. Rb3 b5 26. Rc3 Nd6 27. Rc7 Rfd8
28. Bh3 Rxc7 29. Nxc7 Nec4 30. b3 Ne5 31. Nxa6 Nc6 32. Nc5 Ne8 33. Rxd8 Nxd8 34.
Bd7 Nc7 35. Kd2 Kf8 36. Kc3 1-0

[Event "ch-Asian Individual w"]
[Site "Mashhad IRI"]
[Date "2011.05.03"]
[Round "2.8"]
[White "Padmini, Rout"]
[Black "Hakimifard, Ghazal"]
[Result "0-1"]
[WhiteTitle "WGM"]
[BlackTitle "WFM"]
[WhiteElo "2342"]
[BlackElo "2215"]
[WhiteFideId "5029295"]
[BlackFideId "12506540"]
[EventDate "2011.05.02"]

1. e4 c5 2. Nf3 e6 3. d4 cxd4 4. Nxd4 a6 5. Nc3 Qc7 6. Bd3 Nc6 7. Nxc6 dxc6 8.
O-O e5 9. f4 Nf6 10. Kh1 Bc5 11. Qe1 Ng4 12. f5 Qe7 13. a4 a5 14. Nd1 h5 15. Ne3
Bd7 16. Qg3 O-O-O 17. h3 Nf6 18. Nc4 Ng4 19. Nxa5 g6 20. f6 Qf8 21. Nb3 Ba7 22.
a5 Be6 23. a6 b5 24. Na5 Kc7 25. Ra3 Qb4 26. Nb7 Rd7 27. Rc3 Bd4 28. Be2 Kb6 29.
Rxc6+ Kxc6 30. c3 Bf2 31. Rxf2 Qxe4 32. hxg4 hxg4+ 33. Kg1 Rd1+ 34. Bf1 Rxc1 35.
b4 Bc4 36. Na5+ Kb6 37. Nxc4+ bxc4 38. b5 Re1 39. a7 Re3 40. a8=Q Rxa8 41. Qh4
g3 0-1

[Event "ch-Asian Individual w"]
[Site "Mashhad IRI"]
[Date "2011.05.03"]
[Round "2.9"]
[White "Nguyen, Thi Mai Hung"]
[Black "Khademalsharieh, Sarasadat"]
[Result "1/2-1/2"]
[WhiteTitle "WIM"]
[BlackTitle "WFM"]
[WhiteElo "2320"]
[BlackElo "2137"]
[WhiteFideId "12401676"]
[BlackFideId "12512214"]
[EventDate "2011.05.02"]

1. d4 Nf6 2. Bf4 e6 3. e3 c5 4. c3 b6 5. Nd2 Bb7 6. Ngf3 cxd4 7. exd4 Be7 8. h3
O-O 9. Bd3 d6 10. O-O Nbd7 11. Bh2 Re8 12. Re1 Nf8 13. a4 a6 14. Qb3 Ng6 15.
Rad1 Bf8 16. Bb1 Qc7 17. Ng5 Rac8 18. Nge4 Nxe4 19. Nxe4 Bd5 20. Qc2 Qc6 21. f3
b5 22. axb5 axb5 23. Ng5 f5 24. Qf2 Qd7 25. h4 Be7 26. Bg3 Bb3 27. Bc2 Bxc2 28.
Qxc2 Bxg5 29. hxg5 f4 30. Bh2 Qe7 31. Qb3 Rb8 32. Rd2 d5 33. Qa3 Qxa3 34. bxa3
Ra8 35. Ra2 Rec8 36. Rxe6 Rxc3 37. Ree2 Raxa3 38. Rxa3 Rxa3 39. Rb2 Ra4 40. Rxb5
Rxd4 41. Rb7 Nh4 42. Kf1 Nf5 43. Ke2 Ra4 44. Rd7 Ra2+ 45. Kd3 Ng3 46. Rxd5 Rxg2
47. Bxg3 fxg3 48. Ke3 Ra2 49. Rd1 Kf7 50. Kf4 g2 51. Kg4 Rf2 52. Rg1 Ke6 53. f4
Rd2 54. Re1+ 1/2-1/2

[Event "ch-Asian Individual w"]
[Site "Mashhad IRI"]
[Date "2011.05.03"]
[Round "2.10"]
[White "Soumya, Swaminathan"]
[Black "Asgarizadeh, Minoo"]
[Result "0-1"]
[WhiteTitle "WGM"]
[WhiteElo "2368"]
[BlackElo "2029"]
[WhiteFideId "5016193"]
[BlackFideId "12512230"]
[EventDate "2011.05.02"]

1. d4 Nf6 2. c4 e6 3. Nc3 Bb4 4. Nf3 b6 5. Bg5 Bb7 6. Nd2 h6 7. Bh4 c5 8. e3
cxd4 9. exd4 O-O 10. a3 Be7 11. f3 d5 12. Bf2 Nc6 13. Be2 Qd7 14. O-O Rfd8 15.
cxd5 Nxd5 16. Bb5 Rac8 17. Nc4 Nxc3 18. bxc3 Qd5 19. a4 Qh5 20. Qb3 Bd6 21. Nxd6
Rxd6 22. Qa3 Rdd8 23. Rfe1 Qg5 24. Be3 Qf6 25. Bxc6 Rxc6 26. a5 b5 27. Bf2 a6
28. Re5 Rdc8 29. Be1 Qd8 30. Qb2 Rc4 31. Ra3 Bd5 32. Re2 Qc7 33. Bg3 Qb7 34. Bf2
R8c6 35. Be3 Qc7 36. Bf2 Rxc3 37. Rxc3 Rxc3 38. Be1 Rc1 39. Qd2 Qc4 40. Kf2 Qc7
41. h3 Rc4 42. Qb2 Qe7 43. Kf1 Qa7 44. Rd2 b4 45. Rd3 Qc7 46. Kg1 Rc1 47. Qxb4
Qc4 48. Qxc4 Rxe1+ 49. Kf2 Bxc4 0-1

[Event "ch-Asian Individual w"]
[Site "Mashhad IRI"]
[Date "2011.05.03"]
[Round "2.12"]
[White "Swathi, Ghate"]
[Black "Alavi, Homa"]
[Result "1-0"]
[WhiteTitle "WGM"]
[WhiteElo "2307"]
[BlackElo "2008"]
[WhiteFideId "5003474"]
[BlackFideId "12507547"]
[EventDate "2011.05.02"]

1. e4 c5 2. Nf3 e6 3. d4 cxd4 4. Nxd4 a6 5. Bd3 Qc7 6. O-O Nf6 7. Qe2 d6 8. c4
g6 9. Nc3 Bg7 10. Rd1 O-O 11. Nf3 b6 12. h3 Bb7 13. Bf4 Rd8 14. Rac1 Nbd7 15.
Bb1 Nf8 16. b3 Rac8 17. Qe3 Ba8 18. Na4 Rb8 19. Rxd6 e5 20. Bxe5 Rxd6 21. Bxd6
Qxd6 22. e5 Qe6 23. exf6 Qxe3 24. fxe3 Bxf6 25. Nc3 Rc8 26. Ne2 Ne6 27. Kf2 Nc5
28. Ng3 h5 29. Rd1 Rd8 30. Rxd8+ Bxd8 31. b4 Na4 32. Be4 Bxe4 33. Nxe4 Be7 34.
a3 a5 35. c5 axb4 36. c6 b5 37. axb4 Bxb4 38. Nf6+ Kg7 39. Nd5 Bd6 40. c7 Bxc7
41. Nxc7 b4 42. Nd5 b3 43. Nd2 b2 44. e4 g5 45. Ke3 1-0

[Event "ch-Asian Individual w"]
[Site "Mashhad IRI"]
[Date "2011.05.03"]
[Round "2.14"]
[White "Hamrakulova, Yulduz"]
[Black "Ghaderi, Farzaneh"]
[Result "1-0"]
[WhiteTitle "WIM"]
[WhiteElo "2210"]
[BlackElo "1716"]
[WhiteFideId "14201151"]
[BlackFideId "12534510"]
[EventDate "2011.05.02"]

1. d4 Nf6 2. c4 e6 3. Nf3 d5 4. g3 dxc4 5. Qa4+ Bd7 6. Qxc4 a6 7. Bg2 b5 8. Qc2
Bc6 9. Nbd2 Bb7 10. O-O Be7 11. a3 O-O 12. e4 Nbd7 13. e5 Nd5 14. Ne4 h6 15. Bd2
b4 16. Nc5 Bxc5 17. dxc5 Bc6 18. Bxb4 a5 19. Bd2 Bb5 20. Rfe1 a4 21. Nd4 c6 22.
Bxd5 exd5 23. e6 fxe6 24. Nxe6 Qb8 25. Nxf8 Qxf8 26. Qg6 Kh8 27. Bc3 Nf6 28.
Bxf6 Qxf6 29. Qxf6 gxf6 30. Re7 Rg8 31. Rae1 Rg7 32. R1e6 Rxe7 33. Rxe7 Kg8 34.
f4 d4 35. Kf2 f5 36. Rd7 d3 37. Ke3 Kf8 38. Rh7 Kg8 39. Rxh6 Kg7 40. Rd6 1-0